<?xml version="1.0" encoding="UTF-8"?>
<record
    xmlns:xsi="http://www.w3.org/2001/XMLSchema-instance"
    xsi:schemaLocation="http://www.loc.gov/MARC21/slim http://www.loc.gov/standards/marcxml/schema/MARC21slim.xsd"
    xmlns="http://www.loc.gov/MARC21/slim">

  <leader>01886nam1a2200337 i 4500</leader>
  <controlfield tag="001">RU\NLR\bibl\44052</controlfield>
  <controlfield tag="005">20260407043554.0</controlfield>
  <datafield tag="035" ind1=" " ind2=" ">
    <subfield code="a">(NLR Aleph) 000042956</subfield>
  </datafield>
  <datafield tag="090" ind1=" " ind2=" ">
    <subfield code="a">225868</subfield>
    <subfield code="c">225868</subfield>
  </datafield>
  <datafield tag="100" ind1=" " ind2=" ">
    <subfield code="a">19990819g19  9999k  y0rusy50      ca</subfield>
  </datafield>
  <datafield tag="101" ind1="0" ind2=" ">
    <subfield code="a">rus</subfield>
  </datafield>
  <datafield tag="102" ind1=" " ind2=" ">
    <subfield code="a">RU</subfield>
  </datafield>
  <datafield tag="105" ind1=" " ind2=" ">
    <subfield code="a">||||z   |||||</subfield>
  </datafield>
  <datafield tag="200" ind1="1" ind2=" ">
    <subfield code="a">&#x412;&#x43E;&#x43F;&#x440;&#x43E;&#x441;&#x44B; &#x433;&#x440;&#x430;&#x43C;&#x43C;&#x430;&#x442;&#x438;&#x447;&#x435;&#x441;&#x43A;&#x43E;&#x439; &#x438; &#x43B;&#x435;&#x43A;&#x441;&#x438;&#x447;&#x435;&#x441;&#x43A;&#x43E;&#x439; &#x442;&#x438;&#x43F;&#x43E;&#x43B;&#x43E;&#x433;&#x438;&#x438;. &#x41F;&#x440;&#x43E;&#x431;&#x43B;&#x435;&#x43C;&#x44B; &#x43F;&#x440;&#x435;&#x43F;&#x43E;&#x434;&#x430;&#x432;&#x430;&#x43D;&#x438;&#x44F; &#x438;&#x43D;&#x43E;&#x441;&#x442;&#x440;&#x430;&#x43D;&#x43D;&#x44B;&#x445; &#x44F;&#x437;&#x44B;&#x43A;&#x43E;&#x432; &#x432; &#x432;&#x44B;&#x441;&#x448;&#x435;&#x439; &#x438; &#x441;&#x440;&#x435;&#x434;&#x43D;&#x435;&#x439; &#x448;&#x43A;&#x43E;&#x43B;&#x435;</subfield>
    <subfield code="e">&#x41C;&#x430;&#x442;&#x435;&#x440;&#x438;&#x430;&#x43B;&#x44B; &#x43C;&#x435;&#x436;&#x434;&#x443;&#x43D;&#x430;&#x440;. &#x43A;&#x43E;&#x43D;&#x444;. "21-&#x435; &#x414;&#x443;&#x43B;&#x44C;&#x437;&#x43E;&#x43D;&#x43E;&#x432;&#x441;&#x43A;&#x438;&#x435; &#x447;&#x442;&#x435;&#x43D;&#x438;&#x44F;"</subfield>
    <subfield code="f">[&#x41E;&#x442;&#x432;. &#x440;&#x435;&#x434;. &#x434;. &#x444;&#x438;&#x43B;&#x43E;&#x43B;. &#x43D;., &#x43F;&#x440;&#x43E;&#x444;. &#x41E;.&#x410;. &#x41E;&#x441;&#x438;&#x43F;&#x43E;&#x432;&#x430;]</subfield>
  </datafield>
  <datafield tag="210" ind1=" " ind2=" ">
    <subfield code="a">&#x422;&#x43E;&#x43C;&#x441;&#x43A;</subfield>
    <subfield code="c">&#x422;&#x43E;&#x43C;. &#x433;&#x43E;&#x441;. &#x43F;&#x435;&#x434;. &#x443;&#x43D;-&#x442;</subfield>
    <subfield code="d">1998</subfield>
  </datafield>
  <datafield tag="215" ind1=" " ind2=" ">
    <subfield code="d">20</subfield>
  </datafield>
  <datafield tag="300" ind1=" " ind2=" ">
    <subfield code="a">&#x412; &#x43D;&#x430;&#x434;&#x437;&#x430;&#x433;.: &#x41C;-&#x432;&#x43E; &#x43E;&#x431;&#x449;. &#x438; &#x43F;&#x440;&#x43E;&#x444;. &#x43E;&#x431;&#x440;&#x430;&#x437;&#x43E;&#x432;&#x430;&#x43D;&#x438;&#x44F; &#x420;&#x43E;&#x441;. &#x424;&#x435;&#x434;&#x435;&#x440;&#x430;&#x446;&#x438;&#x438;, &#x422;&#x43E;&#x43C;. &#x433;&#x43E;&#x441;. &#x43F;&#x435;&#x434;. &#x443;&#x43D;-&#x442;</subfield>
  </datafield>
  <datafield tag="463" ind1=" " ind2="0">
    <subfield code="1">00141593</subfield>
  </datafield>
  <datafield tag="606" ind1=" " ind2=" ">
    <subfield code="a">&#x42F;&#x437;&#x44B;&#x43A;&#x43E;&#x437;&#x43D;&#x430;&#x43D;&#x438;&#x435;</subfield>
    <subfield code="j">&#x421;&#x44A;&#x435;&#x437;&#x434;&#x44B;,&#x441;&#x43E;&#x432;&#x435;&#x449;&#x430;&#x43D;&#x438;&#x44F; &#x438; &#x442;.&#x43F;.</subfield>
    <subfield code="9">911558</subfield>
    <subfield code="3">RU\NLR\auth\6613279</subfield>
  </datafield>
  <datafield tag="606" ind1=" " ind2=" ">
    <subfield code="a">&#x418;&#x43D;&#x43E;&#x441;&#x442;&#x440;&#x430;&#x43D;&#x43D;&#x44B;&#x435; &#x44F;&#x437;&#x44B;&#x43A;&#x438;</subfield>
    <subfield code="j">&#x421;&#x44A;&#x435;&#x437;&#x434;&#x44B;, &#x441;&#x43E;&#x432;&#x435;&#x449;&#x430;&#x43D;&#x438;&#x44F; &#x438; &#x442;.&#x43F;.</subfield>
    <subfield code="x">&#x41F;&#x440;&#x435;&#x43F;&#x43E;&#x434;&#x430;&#x432;&#x430;&#x43D;&#x438;&#x435;</subfield>
    <subfield code="9">1409738</subfield>
    <subfield code="3">RU\NLR\auth\66282140</subfield>
  </datafield>
  <datafield tag="606" ind1=" " ind2=" ">
    <subfield code="a">&#x418;&#x43D;&#x43E;&#x441;&#x442;&#x440;&#x430;&#x43D;&#x43D;&#x44B;&#x435; &#x44F;&#x437;&#x44B;&#x43A;&#x438;</subfield>
    <subfield code="j">&#x421;&#x431;&#x43E;&#x440;&#x43D;&#x438;&#x43A;&#x438;</subfield>
    <subfield code="x">&#x41F;&#x440;&#x435;&#x43F;&#x43E;&#x434;&#x430;&#x432;&#x430;&#x43D;&#x438;&#x435;</subfield>
    <subfield code="9">1409738</subfield>
    <subfield code="3">RU\NLR\auth\66282140</subfield>
  </datafield>
  <datafield tag="686" ind1=" " ind2=" ">
    <subfield code="a">&#x428;10&#x44F;431</subfield>
  </datafield>
  <datafield tag="686" ind1=" " ind2=" ">
    <subfield code="a">&#x427;426.17(2)&#x44F;431</subfield>
  </datafield>
  <datafield tag="686" ind1=" " ind2=" ">
    <subfield code="a">&#x427;486.17(2)&#x44F;431</subfield>
  </datafield>
  <datafield tag="702" ind1=" " ind2="1">
    <subfield code="4">340</subfield>
    <subfield code="8">rus</subfield>
    <subfield code="7">ca</subfield>
    <subfield code="a">&#x41E;&#x441;&#x438;&#x43F;&#x43E;&#x432;&#x430;</subfield>
    <subfield code="b">&#x41E;. &#x410;.</subfield>
    <subfield code="c">&#x434;-&#x440; &#x444;&#x438;&#x43B;&#x43E;&#x43B;. &#x43D;&#x430;&#x443;&#x43A;</subfield>
    <subfield code="f">1927-2013</subfield>
    <subfield code="g">&#x41E;&#x43B;&#x44C;&#x433;&#x430; &#x410;&#x43D;&#x434;&#x440;&#x435;&#x435;&#x432;&#x43D;&#x430;</subfield>
    <subfield code="3">RU\NLR\auth\77114119</subfield>
    <subfield code="9">97044</subfield>
  </datafield>
  <datafield tag="711" ind1="1" ind2="2">
    <subfield code="4">070</subfield>
    <subfield code="a">"&#x414;&#x443;&#x43B;&#x44C;&#x437;&#x43E;&#x43D;&#x43E;&#x432;&#x441;&#x43A;&#x438;&#x435; &#x447;&#x442;&#x435;&#x43D;&#x438;&#x44F;", &#x43C;&#x435;&#x436;&#x434;&#x443;&#x43D;&#x430;&#x440;&#x43E;&#x434;&#x43D;&#x430;&#x44F; &#x43A;&#x43E;&#x43D;&#x444;&#x435;&#x440;&#x435;&#x43D;&#x446;&#x438;&#x44F;</subfield>
    <subfield code="d">21</subfield>
    <subfield code="f">1998</subfield>
    <subfield code="e">&#x422;&#x43E;&#x43C;&#x441;&#x43A;</subfield>
    <subfield code="3">RU\NLR\AUTH\8810016042</subfield>
    <subfield code="9">529928</subfield>
  </datafield>
  <datafield tag="801" ind1=" " ind2="0">
    <subfield code="a">RU</subfield>
    <subfield code="b">NLR</subfield>
    <subfield code="c">19990819</subfield>
    <subfield code="g">PSBO</subfield>
  </datafield>
  <datafield tag="801" ind1=" " ind2="1">
    <subfield code="a">RU</subfield>
    <subfield code="b">NLR</subfield>
    <subfield code="c">19990819</subfield>
  </datafield>
  <datafield tag="852" ind1=" " ind2=" ">
    <subfield code="a">NLR</subfield>
    <subfield code="j">99-3/8935</subfield>
  </datafield>
  <datafield tag="942" ind1=" " ind2=" ">
    <subfield code="c">BOOK</subfield>
  </datafield>
</record>
